000 00588nam a2200217Ia 4500
003 OSt
005 20221005132403.0
006 a|||||r|||| 00| 0
007 ta
008 221004b |||||||| |||| 00| 0 eng d
024 _a72131
037 _cTextual
040 _aCRL
_cCRL
_beng
041 _2eng
_aeng
082 _aY157:4:5wM93, K9
100 _aNim Hoti Lal
_9641055
245 0 _aThoughts on Dr Ambedkar
_b Selected articles by eminent scholars
650 _aSOCIOLOGY
942 _hY157:4:5wM93, K9
_cTEXL
_2cc
999 _c1063473
_d1063473